| 000 | 00787nam a2200265Ia 4500 | ||
|---|---|---|---|
| 001 | Para_3668 | ||
| 003 | CHAP | ||
| 008 | 220125s1981 xx 000 0 und d | ||
| 010 | _a202268 | ||
| 040 | _cCHAP | ||
| 082 | _aPA 632.4 L6 | ||
| 100 |
_aLópez Aceves, Guillermo Fernando _967632 |
||
| 245 |
_aManejo de hongos fitopatógenos / _c por Guillermo Fernando López Aceves |
||
| 260 |
_aChapingo, Méx. : _b UACh. Departamento Parasitología Agrícola |
||
| 300 | _a135 h. | ||
| 650 |
_aHongos fitopatógenos _956132 |
||
| 710 |
_aUACh. Departamento Parasitología Agrícola _9164025 |
||
| 901 | _aPA 632.4 L6 | ||
| 902 | _aA | ||
| 905 | _a0000001981 PAL 0000000000 00 | ||
| 910 | _a1981 | ||
| 942 | _cPARA | ||
| 942 |
_cPARA _d1 |
||
| 999 |
_c202268 _d202268 |
||